| 000 | 00437cam a2200169 a 4500 | ||
|---|---|---|---|
| 020 | _a0072323493 | ||
| 040 | _cDLC | ||
| 082 | 0 | 0 | _a305 HIL 2001 A012 Or. |
| 100 | 1 | _aSantrock, John W. | |
| 245 | 1 | 0 | _aAdolescence / |
| 250 | _a8th ed. | ||
| 260 |
_aBoston : _bMcGraw-Hill, _cc2001. |
||
| 300 |
_axxix, 497, 8, 31, 3, 8, 7 p. : _bill. (some col.) ; _c28 cm. |
||
| 650 | 0 | _aAdolescence. | |
| 650 | 0 | _aAdolescent psychology. | |
| 942 | _cEK | ||
| 999 |
_c14048 _d14048 |
||